| 000 | 00827nam a22001217a 4500 | ||
|---|---|---|---|
| 040 | _cRUA | ||
| 100 | _aPANN KAO ប៉ាន់ គោ | ||
| 245 | _aSTUDY ON ACQUISITION OF CONCESSION RIGHTS THROUGH SOCIAL LAND CONCESSION PROJECT IN KRANGL VEA COMMUNE, SAMEAKKI MEANCHEY DISTRICT, KAMPONG CHHNANG PROVINCE សិក្សាពីកាទទួលបានសិទ្ធសម្បទានិកតាមរយះគម្រោងសម្បទានដីសង្គមកិច្ចនៅឃុំក្រាំងល្វា ស្រុកសាមគ្គីមានជ៍យ ខេត្តកំពង់ឆ្នាំង | ||
| 260 |
_aPHNOM PENH _bRUA _c2023 |
||
| 300 |
_aX. 71P _bVII. _c29CM |
||
| 856 | _uhttps://drive.google.com/file/d/1GmAwbU_am3XOhMm6ezRMq4S1zOmJ2neC/view?usp=sharing | ||
| 942 | _cLMA | ||
| 999 |
_c23183 _d23183 |
||